01402nam a2200217Ia 4500952010800000999001700108008004100125020001500166050002000181100003100201245007100232250001700303260003300320300001800353490002800371504003300399505065900432519006001091650002601151942000701177 00104070a11b11d2007-01-08l28oLA13 L85 1991p11 000010r2019-12-02s2019-12-02t1w2012-06-26yLB c68210d68210120626s1991 ag 000 0 spa d a9500383446 aLA13 bL85 1991 aLuzuriaga, Lorenzo.eautor aHistoria de la educación y la pedagogía n/ Lorenzo Luzuriaga a21 edición aArgentina b: Losadac, 1991 a280 páginas aBiblioteca pedagógica aBibliografía (pp. 261-268) aHistoria de la educación y de la pedagógia La educación primitiva La educación oriental La educación Griega La pedagogía Griega La educación Romana La educación cristiana primitiva La educación Medieval La educación Humanista La educación religiosa reformada (Protestante) La educación religiosa reformada (Católica) La educación en el siglo XVII La pedagogía en el siglo XVII La educación en el siglo XVIII La pedagogía en el siglo XVIII La educación en el siglo XIX La pedagogía en el siglo XIX La educación en el siglo XX La educación Nueva La pedagogía contemporánea  aMaterial complementario / bPedagogía / d(11 000010) 0aEDUCACIÓNxHISTORIA cLB